| 000 | 01556cam a2200289 a 4500 | ||
|---|---|---|---|
| 005 | 20160206123333.0 | ||
| 008 | 140314t2003 -cnad gr|||| 00| 0 eng d | ||
| 020 | _a9280723898 | ||
| 040 |
_aCO-BoIAVH _cCO-BoIAVH |
||
| 041 | _aeng | ||
| 044 | _acn | ||
| 082 |
_a570.72 _bU56i |
||
| 110 | 2 | _bUnited Nations Environment Programme | |
| 242 | 1 | 0 |
_aInterrelaciones entre la diversidad biológica y el cambio climatico _brecomendaciones para la integración de las consideraciones de la biodiversidad en la implementación en el Marco de Convención de las Naciones Unidas sobre el Cambio Climático y su Protocolo Kyoto _cUnited Nations Environment Programme, Convention on Biological Diversity _yspa |
| 245 | 1 | 0 |
_aInterlinkages between biological diversity and climate change _badvice on the integration of biodiversity considerations into the implementation of the United Nations Framework Convention on Climate Change and its Kyoto Protocol _cUnited Nations Environment Programme, Convention on Biological Diversity |
| 260 | 3 |
_aQuebec _bSecretariat of the Convention on Biological Diversity _c2003 |
|
| 300 |
_a143 p. _bil., tablas _c28 cm |
||
| 490 | 0 |
_aCBD Technical series ; _v10 |
|
| 590 | _a242 traducción por la agencia catalogadora | ||
| 650 | 4 |
_aBiodiversidad _xEstudio |
|
| 650 | 4 |
_aCambio climatico _xEstudio |
|
| 650 | 4 |
_aEcosistemas _xImpacto |
|
| 650 | 4 |
_aEcosistemas _xConservación |
|
| 650 | 4 |
_aTierras _xGestión |
|
| 710 | 2 | _aConvention on Biological Diversity | |
| 942 |
_cImpreso _2ddc |
||
| 999 |
_c4271 _d4271 |
||